Statistics for Top 15 Countries with Covid-19 Deaths - 9 September

Click here to take the quiz!

General Stats

  • This quiz has been taken 18 times
  • The average score is 13 of 19

Answer Stats

country% Correct
United Kingdom
100%
United States
100%
India
94%
Italy
94%
Spain
94%
Brazil
88%
France
88%
Mexico
81%
Russia
81%
Colombia
69%
Chile
63%
Iran
63%
South Africa
63%
Peru
56%
Belgium
44%
Sweden
44%
Ecuador
31%
Panama
31%
Bolivia
25%

Score Distribution

Percentile by Number Answered

Percent of People with Each Score

Your Score History

You have not taken this quiz